000 00813nam a2200289 i 4500
001 C2-0249965
003 PPAK
005 20180727213759.0
008 030611s1997 caua|||| ||||| | eng d
020 _a1560063025
040 _aPPAK
_beng
_cPPAK
_erda
082 0 4 _a909
_223
090 0 0 _a909
_bMAC
_dR
100 1 _aMacht, Norman L.,
_eauthor
245 1 4 _aThe history of slavery
264 1 _aSan Diego, California :
_bLucent Books ,
_c1997
300 _a112 pages :
_billustrations ;
_c24 cm
336 _2rdacontent
_atext
337 _2rdamedia
_aunmediated
338 _2rdacarrier
_avolume
490 1 _aWorld history series
500 _aIncludes bibliographical references and index
650 1 0 _aSlavery - History
700 _eauthor
830 0 _aWorld history series
942 _ddc
_cB
999 _c63356
_d63356